[Event "Philadelphia International"]
[Site "Philadelphia, USA"]
[Date "2008.06.26"]
[Round "1"]
[White "Yeager, Daniel A"]
[Black "Ganguly, Surya She"]
[Result "1/2-1/2"]
[WhiteElo "2300"]
[BlackElo "2629"]
[PlyCount "69"]
[EventDate "2008.??.??"]

1. d4 d5 2. c4 dxc4 3. Nf3 Nf6 4. e3 e6 5. Bxc4 a6 6. O-O Nbd7 7. a4 b6 8. Nc3
Bb7 9. Qe2 c5 10. Rd1 Qc7 11. d5 exd5 12. Nxd5 Bxd5 13. Bxd5 Nxd5 14. Rxd5 Be7
15. b3 Qc6 16. Rd1 O-O 17. Bb2 b5 18. Qd3 Rad8 19. Qc3 Bf6 20. Qc2 bxa4 21.
bxa4 Bxb2 22. Qxb2 Nb6 23. Rac1 h6 24. Ne5 Qf6 25. a5 Nd7 26. Nd3 Qxb2 27. Nxb2
Rb8 28. Nc4 Rb4 29. Nb6 Nxb6 30. axb6 Rxb6 31. Rxc5 Ra8 32. Rc2 g6 33. g3 h5
34. Kg2 Kg7 35. Rc7 1/2-1/2

[Event "Philadelphia International"]
[Site "Philadelphia, USA"]
[Date "2008.06.26"]
[Round "1"]
[White "Venkatesh, Marani"]
[Black "Meera, Sai"]
[Result "1-0"]
[WhiteElo "2450"]
[BlackElo "2227"]
[PlyCount "53"]
[EventDate "2008.??.??"]

1. e4 c5 2. Nf3 d6 3. d4 cxd4 4. Nxd4 Nf6 5. Nc3 a6 6. Bg5 e6 7. f4 Qb6 8. Qd3
Nc6 9. Bxf6 gxf6 10. Nb3 Bd7 11. Be2 h5 12. O-O-O O-O-O 13. Rhf1 h4 14. Kb1 Kb8
15. Bg4 Be7 16. Qh3 Bc8 17. f5 Ne5 18. fxe6 Nxg4 19. Nd5 Qa7 20. Qxg4 Bxe6 21.
Qf3 Bf8 22. Qxf6 Bh6 23. Nd4 h3 24. g3 Bxd5 25. exd5 Qb6 26. Rd3 Rdg8 27. Rb3
1-0

[Event "Philadelphia International"]
[Site "Philadelphia, USA"]
[Date "2008.06.26"]
[Round "1"]
[White "Stancil, Kimani A"]
[Black "Ippolito, Dean J"]
[Result "0-1"]
[WhiteElo "2162"]
[BlackElo "2425"]
[PlyCount "58"]
[EventDate "2008.??.??"]

1. e4 e5 2. Nf3 Nf6 3. d4 Nxe4 4. dxe5 d5 5. Nbd2 Nxd2 6. Qxd2 c5 7. Be2 Nc6 8.
O-O h6 9. b3 Be6 10. Ba3 Qc7 11. Bd3 O-O-O 12. Rfe1 g5 13. h3 Be7 14. Bb2 Rdg8
15. a3 h5 16. Kf1 g4 17. Ng1 Qd7 18. f4 gxh3 19. Nxh3 Bxh3 20. e6 Bxe6 21. Bxh8
Rxh8 22. b4 c4 23. Be2 Bf6 24. Rab1 h4 25. Bf3 Nd4 26. Qc3 Qd6 27. Qe3 Kb8 28.
Rec1 Nf5 29. Qd2 Qb6 0-1

[Event "Philadelphia International"]
[Site "Philadelphia, USA"]
[Date "2008.06.26"]
[Round "1"]
[White "Mays, Shelly"]
[Black "Mulyar, Michael A"]
[Result "0-1"]
[WhiteElo "2066"]
[BlackElo "2381"]
[PlyCount "40"]
[EventDate "2008.??.??"]

1. e4 e5 2. Nf3 Nc6 3. d4 exd4 4. Nxd4 Nf6 5. Nxc6 bxc6 6. Bd3 d5 7. Qe2 Bg4 8.
f3 Be6 9. Bg5 Be7 10. O-O dxe4 11. fxe4 O-O 12. Nc3 Ng4 13. Bxe7 Qxe7 14. Nd1
Qd6 15. g3 Rab8 16. Nf2 Nxf2 17. Qxf2 Rxb2 18. Qxa7 c5 19. Rfd1 Qe5 20. Qa4 c4
0-1

[Event "Philadelphia International"]
[Site "Philadelphia, USA"]
[Date "2008.06.26"]
[Round "1"]
[White "Chan, James"]
[Black "Battaglini, Gabrie"]
[Result "0-1"]
[WhiteElo "2044"]
[BlackElo "2356"]
[PlyCount "78"]
[EventDate "2008.??.??"]

1. e4 c6 2. d4 d5 3. e5 c5 4. dxc5 e6 5. Nf3 Bxc5 6. Bd3 Nc6 7. O-O f5 8. a3 a5
9. Nc3 Nge7 10. Bg5 O-O 11. Qe2 h6 12. Bxe7 Qxe7 13. Nb5 g5 14. c3 Qg7 15. Rae1
f4 16. Nfd4 Bd7 17. Kh1 Rac8 18. f3 Qe7 19. Bb1 Rf7 20. Qd3 Rg7 21. h3 Rf8 22.
Ba2 Nxd4 23. Nxd4 b5 24. b4 Ba7 25. Rc1 h5 26. Qe2 Bxd4 27. cxd4 axb4 28. axb4
Qxb4 29. Qd3 Ra8 30. Rb1 Qe7 31. Bb3 Be8 32. Ra1 Rxa1 33. Rxa1 g4 34. fxg4 hxg4
35. Ra8 gxh3 36. Bc2 hxg2+ 37. Kg1 Qh4 38. Rxe8+ Kf7 39. Re7+ Qxe7 0-1

[Event "Philadelphia International"]
[Site "Philadelphia, USA"]
[Date "2008.06.26"]
[Round "1"]
[White "Mohanty, Kiran Manisha"]
[Black "Cambere, Jean Marc"]
[Result "1/2-1/2"]
[WhiteElo "2316"]
[BlackElo "1789"]
[PlyCount "84"]
[EventDate "2008.??.??"]

1. d4 Nf6 2. Nf3 g6 3. Nbd2 d5 4. e3 Bg7 5. b4 c6 6. c4 Nbd7 7. Bb2 O-O 8. Be2
Re8 9. O-O dxc4 10. Nxc4 Nb6 11. Nce5 h6 12. b5 cxb5 13. Bxb5 Nfd7 14. Qb3 Nxe5
15. Nxe5 Be6 16. Qa3 Rf8 17. Rac1 Qd5 18. Be2 Qxa2 19. Bf3 Qxa3 20. Bxa3 Bxe5
21. dxe5 Nd5 22. Rfd1 Rfd8 23. e4 Nb6 24. Bxe7 Rxd1+ 25. Bxd1 Nc4 26. Bb3 b5
27. f4 a5 28. f5 gxf5 29. exf5 Bxf5 30. Bxc4 bxc4 31. Rxc4 a4 32. Ba3 Be6 33.
Rc3 Rb8 34. Rg3+ Kh7 35. h3 Rb5 36. Be7 Rb3 37. Rxb3 axb3 38. Ba3 Kg6 39. Kf2
Kf5 40. Bb2 h5 41. g4+ hxg4 42. hxg4+ Kxg4 1/2-1/2

[Event "Philadelphia International"]
[Site "Philadelphia, USA"]
[Date "2008.06.26"]
[Round "1"]
[White "Kuenitz, Klaus D"]
[Black "Castaneda, Nelson"]
[Result "0-1"]
[WhiteElo "1674"]
[BlackElo "2314"]
[PlyCount "62"]
[EventDate "2008.??.??"]

1. d4 Nf6 2. c4 g6 3. Bf4 Bg7 4. e3 c5 5. Nf3 O-O 6. Nc3 cxd4 7. Nxd4 d6 8. Bg3
Nc6 9. Be2 Bd7 10. O-O Rc8 11. Rc1 a6 12. Qd2 h5 13. Rfd1 Kh7 14. Nf3 Qa5 15.
b3 Bg4 16. h3 Bxf3 17. Bxf3 b5 18. cxb5 axb5 19. Ne2 Qa6 20. Rxc6 Rxc6 21. Bxc6
Qxc6 22. Rc1 Qb7 23. Qc2 Ra8 24. a4 Ne4 25. axb5 Nxg3 26. Nxg3 Qxb5 27. f4 Ra3
28. f5 Qxb3 29. fxg6+ fxg6 30. Qxb3 Rxb3 31. Kf2 Rxe3 0-1

[Event "Philadelphia International"]
[Site "Philadelphia, USA"]
[Date "2008.06.26"]
[Round "1"]
[White "Andrews, Todd D"]
[Black "Fisher, William"]
[Result "1-0"]
[WhiteElo "2311"]
[BlackElo "1556"]
[PlyCount "37"]
[EventDate "2008.??.??"]

1. e4 c6 2. d4 d5 3. exd5 cxd5 4. c4 Nf6 5. Nc3 g6 6. cxd5 Bg7 7. Bb5+ Bd7 8.
Bc4 O-O 9. Nf3 Bg4 10. h3 Bxf3 11. Qxf3 Qb6 12. O-O Qxd4 13. Bb3 Qb6 14. Re1
Qd8 15. Bg5 Nbd7 16. Rad1 Re8 17. d6 exd6 18. Ne4 h6 19. Bxf7+ 1-0

[Event "Philadelphia International"]
[Site "Philadelphia, USA"]
[Date "2008.06.26"]
[Round "1"]
[White "Tecker, Dan"]
[Black "Karavade, Eesha"]
[Result "0-1"]
[WhiteElo "1495"]
[BlackElo "2303"]
[PlyCount "50"]
[EventDate "2008.??.??"]

1. d4 Nf6 2. c4 g6 3. Nc3 d5 4. cxd5 Nxd5 5. e4 Nxc3 6. bxc3 c5 7. Bc4 Bg7 8.
e5 O-O 9. Ne2 Nc6 10. O-O cxd4 11. cxd4 Bf5 12. Bb2 Rc8 13. Rc1 Na5 14. Qa4
Nxc4 15. Rxc4 Rxc4 16. Qxc4 Qb6 17. Qc3 Rc8 18. Qa3 Rc2 19. Nc3 Qxb2 20. Qxb2
Rxb2 21. f4 Rc2 22. Nd5 Be4 23. Ne3 Re2 24. Nd1 Rxg2+ 25. Kh1 Rg4+ 0-1

[Event "Philadelphia International"]
[Site "Philadelphia, USA"]
[Date "2008.06.27"]
[Round "2"]
[White "Laxman, Rajaram"]
[Black "Burnett, Ronald"]
[Result "1/2-1/2"]
[WhiteElo "2488"]
[BlackElo "2373"]
[PlyCount "81"]
[EventDate "2008.??.??"]

1. Nf3 g6 2. e4 Bg7 3. d4 d6 4. Be2 Nf6 5. Nc3 c6 6. O-O Qc7 7. e5 dxe5 8. Nxe5
Nfd7 9. f4 O-O 10. Bc4 b5 11. Bb3 e6 12. Be3 Bb7 13. a4 b4 14. Ne4 c5 15. Nxc5
Nxc5 16. dxc5 Rd8 17. Qg4 Bd5 18. Rad1 Nc6 19. Bxd5 Rxd5 20. Rxd5 exd5 21. Nxc6
Qxc6 22. f5 Re8 23. fxg6 hxg6 24. Qf4 f5 25. Bf2 d4 26. Qg3 a5 27. Qb3+ Kh7 28.
Qf7 Re4 29. Qc4 Rg4 30. g3 f4 31. Re1 fxg3 32. hxg3 Rg5 33. Re7 Rh5 34. Kf1 Qf3
35. Rxg7+ Kxg7 36. Qxd4+ Kh7 37. Qd7+ Kh6 38. Qd2+ Kh7 39. Qd7+ Kh6 40. Qd2+
Kh7 41. Qd7+ 1/2-1/2

[Event "Philadelphia International"]
[Site "Philadelphia, USA"]
[Date "2008.06.27"]
[Round "2"]
[White "Karavade, Eesha"]
[Black "Pruess, David"]
[Result "1/2-1/2"]
[WhiteElo "2303"]
[BlackElo "2425"]
[PlyCount "79"]
[EventDate "2008.??.??"]

1. d4 Nf6 2. c4 c5 3. d5 b5 4. cxb5 a6 5. bxa6 g6 6. Nc3 Bxa6 7. Nf3 Bg7 8. g3
d6 9. Bg2 Nbd7 10. Rb1 Nb6 11. b3 Bb7 12. Nh4 O-O 13. O-O Ne8 14. Bb2 Nc7 15.
e4 Bxc3 16. Bxc3 Nb5 17. Ba1 Rxa2 18. f4 Nd7 19. Rb2 Rxb2 20. Bxb2 Qb6 21. Rf2
Ra8 22. Nf3 Ba6 23. e5 Nc7 24. Ng5 Rf8 25. Qg4 f5 26. Qh4 h5 27. Ne6 Re8 28. g4
Nxe6 29. dxe6 Nf8 30. exd6 Qxd6 31. gxf5 Qd1+ 32. Bf1 Bxf1 33. Rxf1 Qxb3 34.
Qf2 Qd3 35. Qxc5 Qxf5 36. Qc3 Nxe6 37. Qh8+ Kf7 38. Qh7+ Kf8 39. Qh8+ Kf7 40.
Qh7+ 1/2-1/2

[Event "Philadelphia International"]
[Site "Philadelphia, USA"]
[Date "2008.06.27"]
[Round "2"]
[White "Meera, Sai"]
[Black "Chan, James"]
[Result "1-0"]
[WhiteElo "2227"]
[BlackElo "2044"]
[PlyCount "77"]
[EventDate "2008.??.??"]

1. e4 e5 2. Nf3 Nc6 3. d4 exd4 4. Bc4 Nf6 5. O-O Bc5 6. e5 d5 7. exf6 dxc4 8.
Re1+ Be6 9. Ng5 Qd5 10. Nc3 Qf5 11. Nce4 Bb6 12. fxg7 Rg8 13. Nxe6 fxe6 14.
Qh5+ Qxh5 15. Nf6+ Kf7 16. Nxh5 Rad8 17. Re4 Rd5 18. g4 Rxh5 19. gxh5 Rxg7+ 20.
Kf1 e5 21. Bh6 Rg8 22. c3 Ke6 23. Rae1 Kd5 24. h3 Bc5 25. Rg4 Re8 26. Rg7 Re7
27. Rxe7 Nxe7 28. Bf8 Nc6 29. Bxc5 Kxc5 30. Ke2 d3+ 31. Kd2 Kd5 32. Rg1 e4 33.
Rg7 Ne5 34. Rxh7 Nf3+ 35. Kd1 Ng5 36. Rxc7 Nxh3 37. Ke1 e3 38. fxe3 Ke4 39. Kd2
1-0

[Event "Philadelphia International"]
[Site "Philadelphia, USA"]
[Date "2008.06.27"]
[Round "2"]
[White "Fisher, William"]
[Black "Mackinnon, Keith"]
[Result "1/2-1/2"]
[WhiteElo "1556"]
[BlackElo "2029"]
[PlyCount "51"]
[EventDate "2008.??.??"]

1. d4 d5 2. c4 c6 3. Nf3 Nf6 4. Nc3 e6 5. Bg5 h6 6. Bxf6 Qxf6 7. e3 Nd7 8. cxd5
exd5 9. Be2 g6 10. Rc1 Bg7 11. b4 Qd6 12. Qb3 O-O 13. O-O Nb6 14. b5 Be6 15.
bxc6 bxc6 16. Nd2 Rab8 17. Qd1 Rfc8 18. Ba6 Rd8 19. Qe2 Qa3 20. Bd3 Bf8 21. Rc2
Na4 22. Nxa4 Qxa4 23. Nb3 Rb6 24. Nc5 Bxc5 25. Rxc5 Rdb8 26. Qc2 1/2-1/2

[Event "Philadelphia International"]
[Site "Philadellphia, USA"]
[Date "2008.06.27"]
[Round "3"]
[White "Negi, Parimarjan"]
[Black "Ippolito, Dean J"]
[Result "1-0"]
[WhiteElo "2514"]
[BlackElo "2425"]
[Annotator "Rybka"]
[PlyCount "89"]
[EventDate "2008.??.??"]

1. e4 e5 2. Nf3 Nf6 3. Nxe5 d6 4. Nf3 Nxe4 5. d4 d5 6. Bd3 Bd6 7. O-O O-O 8. c4
c6 9. cxd5 cxd5 10. Nc3 Nxc3 11. bxc3 Bg4 12. Rb1 Nd7 13. h3 Bh5 14. Rxb7 Nb6
15. Ba6 Qe8 16. Bd2 Qc6 17. Ne5 Qxb7 (17... Bxe5 18. Qxh5 Bd6 19. Rb1 Rab8) 18.
Bxb7 Bxd1 19. Bxa8 Be2 20. Re1 Bc4 21. Bc6 Rc8 22. a4 Bxe5 23. Rxe5 Bb3 24. Bb7
Rd8 25. a5 Nc4 26. Bg5 Rb8 27. Rxd5 Nxa5 28. Rxa5 Rxb7 29. Rc5 f6 30. Bf4 Rd7
31. Kf1 Kf7 32. Ke2 g5 33. Bg3 h5 34. Kd3 Bd5 35. f3 Be6 36. c4 h4 37. Bb8 Rb7
38. Rc7+ Rxc7 39. Bxc7 Ke7 40. d5 Bf5+ 41. Kd4 Bc8 42. c5 f5 43. c6 g4 44. Be5
gxh3 45. gxh3 1-0

[Event "Philadelphia International"]
[Site "Philadellphia, USA"]
[Date "2008.06.27"]
[Round "3"]
[White "Shankland, Samuel"]
[Black "Laxman, Rajaram"]
[Result "0-1"]
[WhiteElo "2296"]
[BlackElo "2488"]
[PlyCount "120"]
[EventDate "2008.??.??"]

1. e4 e5 2. Nf3 Nc6 3. d4 exd4 4. Nxd4 Nf6 5. Nxc6 bxc6 6. e5 Qe7 7. Qe2 Nd5 8.
c4 Nb6 9. b3 a5 10. Nd2 Qe6 11. g3 Bb4 12. Bb2 O-O 13. Bg2 Ba6 14. O-O d5 15.
Rfc1 Rfd8 16. Rc2 Qg6 17. Nf3 dxc4 18. bxc4 Na4 19. Bd4 c5 20. Be3 Nc3 21. Rxc3
Bxc3 22. Rc1 Qd3 23. Qxd3 Rxd3 24. Bf1 Rad8 25. Bxd3 Rxd3 26. Ng5 Bd4 27. Rb1
Kf8 28. e6 f6 29. Ne4 Ke7 30. Bxd4 Rxd4 31. Nxc5 Bxc4 32. f4 Rd5 33. Na4 Kxe6
34. Rc1 Rd4 35. Nc3 Kd7 36. Rc2 Kd6 37. Kf2 f5 38. Ke3 Rd3+ 39. Kf2 Kc5 40. Ne2
Ra3 41. Nc1 Kb4 42. Rb2+ Kc5 43. Rc2 c6 44. Nb3+ Kb4 45. Nd4 Rxa2 46. Nxc6+ Ka4
47. Rxa2+ Bxa2 48. Ke3 Bd5 49. Nd4 g6 50. Kd3 Kb4 51. Nc2+ Kb3 52. Nd4+ Kb2 53.
Nb5 a4 54. Nc3 Be4+ 55. Kd4 a3 56. h4 Kb3 57. Ne2 a2 58. Nc1+ Kb2 59. Nxa2 Kxa2
60. Ke5 Bf3 0-1

[Event "Philadelphia International"]
[Site "Philadelphia, USA"]
[Date "2008.06.28"]
[Round "4"]
[White "Laxman, Rajaram"]
[Black "Venkatesh, Marani"]
[Result "1-0"]
[WhiteElo "2488"]
[BlackElo "2450"]
[PlyCount "53"]
[EventDate "2008.??.??"]

1. Nf3 Nf6 2. c4 c5 3. Nc3 Nc6 4. e3 e6 5. d4 d5 6. Bd3 Be7 7. a3 O-O 8. O-O a6
9. b3 b6 10. Bb2 Bb7 11. cxd5 exd5 12. dxc5 bxc5 13. Rc1 d4 14. Na4 dxe3 15.
fxe3 Ng4 16. Qe2 Re8 17. h3 Nf6 18. Ng5 Qd5 19. Rf5 Qxb3 20. Nxc5 Bxc5 21.
Rfxc5 Rad8 22. Bc4 Qxe3+ 23. Qxe3 Rxe3 24. Nxf7 Rd2 25. Bxf6 Na5 26. Nh6+ Kf8
27. Bxg7+ 1-0

[Event "Philadelphia International"]
[Site "Philadelphia, USA"]
[Date "2008.06.28"]
[Round "4"]
[White "Ganguly, Surya She"]
[Black "Mulyar, Michael A"]
[Result "1/2-1/2"]
[WhiteElo "2614"]
[BlackElo "2381"]
[PlyCount "43"]
[EventDate "2008.??.??"]

1. e4 e5 2. Nf3 Nc6 3. Bb5 a6 4. Ba4 Nf6 5. O-O Bc5 6. c3 b5 7. Bb3 d5 8. a4
Bg4 9. d3 O-O 10. h3 Bxf3 11. Qxf3 Na5 12. Bc2 b4 13. Bg5 h6 14. Bh4 Rb8 15.
Nd2 bxc3 16. bxc3 Rb2 17. Rfc1 g5 18. Bg3 Qe7 19. Rab1 Ba3 20. Ra1 Bc5 21. Rab1
Ba3 22. Ra1 1/2-1/2

[Event "Philadelphia International"]
[Site "Philadelphia, USA"]
[Date "2008.06.28"]
[Round "4"]
[White "Ippolito, Dean J"]
[Black "Castaneda, Nelson"]
[Result "1-0"]
[WhiteElo "2425"]
[BlackElo "2314"]
[PlyCount "83"]
[EventDate "2008.??.??"]

1. d4 Nf6 2. c4 g6 3. Nf3 Bg7 4. g3 O-O 5. Bg2 d6 6. O-O Nbd7 7. Nc3 e5 8. e4
c6 9. h3 Re8 10. Be3 a6 11. Rb1 b5 12. b4 exd4 13. Nxd4 Bb7 14. Nb3 c5 15. Na5
Bxe4 16. Nxe4 Nxe4 17. Nb7 Qc7 18. Bxe4 Rxe4 19. Nxd6 Re6 20. bxc5 Rb8 21. Qd5
b4 22. Bf4 Nf6 23. Qf3 Qxc5 24. Nb7 Rxb7 25. Qxb7 g5 26. Bd2 a5 27. Qb5 Qxb5
28. cxb5 Ne4 29. Rbd1 Rb6 30. Rfe1 f5 31. f3 Nxg3 32. Bxg5 Rxb5 33. Rd8+ Kf7
34. Re7+ Kg6 35. Bh4 Nh5 36. Rd6+ Bf6 37. Bxf6 Nxf6 38. Ree6 Kg5 39. Rxf6 Kh4
40. Kh2 b3 41. axb3 Rxb3 42. Rd4+ 1-0

[Event "Philadelphia International"]
[Site "Philadelphia, USA"]
[Date "2008.06.28"]
[Round "4"]
[White "Mackinnon, Keith"]
[Black "Andrews, Todd D"]
[Result "1-0"]
[WhiteElo "2029"]
[BlackElo "2311"]
[PlyCount "62"]
[EventDate "2008.??.??"]

1. e4 c5 2. Nf3 d6 3. d4 cxd4 4. Nxd4 Nf6 5. Nc3 a6 6. Be3 e5 7. Nf3 Qc7 8. a4
Be6 9. Be2 Be7 10. O-O O-O 11. Ng5 Bc4 12. f4 Nbd7 13. Kh1 Rac8 14. Qd2 Bxe2
15. Qxe2 Qc4 16. Qf3 exf4 17. Bxf4 h6 18. Nh3 Ne5 19. Bxe5 dxe5 20. Nf2 Bb4 21.
Nfd1 Qc6 22. Qe2 Rcd8 23. Rf3 Rd4 24. Rd3 Rfd8 25. Qf3 Ba5 26. Re3 Qd7 27. Nf2
Bxc3 28. Rxc3 Nxe4 29. Re3 Nxf2+ 30. Qxf2 Rxa4 31. Rxa4 Qxa4 1-0

[Event "Philadelphia International"]
[Site "Philadelphia, USA"]
[Date "2008.06.28"]
[Round "4"]
[White "Stancil, Kimani A"]
[Black "Mohanty, Kiran Manisha"]
[Result "1/2-1/2"]
[WhiteElo "2162"]
[BlackElo "2316"]
[PlyCount "75"]
[EventDate "2008.??.??"]

1. e4 c5 2. Nf3 Nc6 3. d4 cxd4 4. Nxd4 Nf6 5. Nc3 d6 6. a3 a6 7. Bc4 e6 8. Ba2
Qc7 9. Be3 b5 10. f3 Na5 11. Qe2 Rb8 12. Nd1 e5 13. Nb3 Nc4 14. Bc1 Be6 15. Ne3
Be7 16. g4 Nxe3 17. Bxe3 d5 18. g5 Nd7 19. exd5 Bxd5 20. Rd1 Be6 21. Bb1 Nb6
22. Nc1 Nc4 23. Nd3 O-O 24. Bc1 Rbe8 25. O-O f5 26. gxf6 Rxf6 27. Nf2 Bc5 28.
Kh1 Nd6 29. c3 Bc4 30. Bd3 Bxd3 31. Nxd3 Ba7 32. Nb4 Qb7 33. Nd5 Rg6 34. Be3 e4
35. Bxa7 Qxa7 36. fxe4 Nxe4 37. Qf3 h6 38. Rd4 1/2-1/2

[Event "Philadelphia International"]
[Site "Philadelphia, USA"]
[Date "2008.06.28"]
[Round "4"]
[White "Katz, Michael S"]
[Black "Meera, Sai"]
[Result "1/2-1/2"]
[WhiteElo "2236"]
[BlackElo "2227"]
[PlyCount "121"]
[EventDate "2008.??.??"]

1. e4 c5 2. Nf3 d6 3. d4 cxd4 4. Nxd4 Nf6 5. Nc3 a6 6. Be3 e5 7. Nb3 Be7 8. f3
Be6 9. Qd2 O-O 10. O-O-O Qc7 11. g4 Rc8 12. g5 Nh5 13. Nd5 Bxd5 14. exd5 Nd7
15. Bh3 a5 16. Kb1 a4 17. Nc1 Nf4 18. Bxf4 exf4 19. Bxd7 Qxd7 20. h4 Rc4 21. a3
Rac8 22. c3 Bd8 23. Qd3 Bb6 24. h5 Qb5 25. Ka1 Be3 26. g6 fxg6 27. hxg6 h6 28.
Qf5 Qe8 29. Qe6+ Qxe6 30. dxe6 Bxc1 31. Rxc1 Kf8 32. Rh5 R4c5 33. Rxc5 Rxc5 34.
Rd1 Ke7 35. Rd4 Rf5 36. Rxa4 Kxe6 37. Ra7 Rb5 38. b4 h5 39. a4 Rb6 40. a5 Rb5
41. a6 bxa6 42. Rxg7 Kf6 43. Rf7+ Kxg6 44. Rxf4 Rf5 45. Rd4 d5 46. Kb2 Kg5 47.
Kb3 h4 48. Ka4 h3 49. Rd2 Kh4 50. Ka5 Kg3 51. Kxa6 h2 52. Rd1 Rxf3 53. b5 Rf6+
54. b6 Rh6 55. Ka7 h1=Q 56. Rxh1 Rxh1 57. b7 Ra1+ 58. Kb6 Kf3 59. b8=Q Rb1+ 60.
Kc7 Rxb8 61. Kxb8 1/2-1/2

[Event "Philadelphia International"]
[Site "Philadelphia, USA"]
[Date "2008.06.28"]
[Round "5"]
[White "Andrews, Todd D"]
[Black "Gopal, G N."]
[Result "0-1"]
[WhiteElo "2311"]
[BlackElo "2562"]
[PlyCount "94"]
[EventDate "2008.??.??"]

1. e4 c5 2. Nf3 d6 3. d4 cxd4 4. Nxd4 Nf6 5. Nc3 a6 6. Bc4 e6 7. Bb3 b5 8. Bg5
Be7 9. Qf3 Qc7 10. e5 Bb7 11. exd6 Bxd6 12. Qe3 Bc5 13. O-O-O Nc6 14. Qxe6+
fxe6 15. Nxe6 Qe7 16. Rhe1 Qxe6 17. Rxe6+ Ne7 18. Bxf6 gxf6 19. Rde1 (19. Bd5
Bxd5 20. Nxd5 Rd8 21. Nxf6+ Kf7 22. Rxd8 Rxd8 23. Rxa6 Bxf2 24. Ng4 Bg1 25. a4
bxa4 26. Rxa4) 19... Kd7 20. Ne4 Bxe4 21. R1xe4 f5 22. R4e5 Bd6 23. Re1 Rad8
24. Rd1 Nc8 25. Rf6 (25. g3 f4) 25... Rdf8 26. Rh6 Kc7 27. Kb1 Re8 28. c4 Re2
29. cxb5 axb5 30. Bd5 Rxf2 31. Bf3 Re8 (31... Be5 32. Rc6+ Kb8 33. Rd5) 32.
Rc1+ Kb8 33. Rxh7 Re7 34. Rh8 Rc7 35. Rh5 Rxc1+ 36. Kxc1 Bf4+ 37. Kb1 Nd6 38.
b3 b4 39. Rh4 Bd2 40. Rh7 Bc3 41. h4 Ne4 42. Bxe4 fxe4 43. Re7 Re2 44. h5 e3
45. h6 Rb2+ 46. Kc1 e2 47. h7 Rxa2 0-1

[Event "Philadelphia International"]
[Site "Philadelphia, USA"]
[Date "2008.06.28"]
[Round "5"]
[White "Venkatesh, Marani"]
[Black "Karavade, Eesha"]
[Result "1/2-1/2"]
[WhiteElo "2450"]
[BlackElo "2303"]
[PlyCount "65"]
[EventDate "2008.??.??"]

1. Nf3 Nf6 2. g3 g6 3. Bg2 Bg7 4. d3 c5 5. e4 d6 6. O-O Nc6 7. Nbd2 O-O 8. c3
Rb8 9. h3 b6 10. Kh2 Bb7 11. Ng1 Ne5 12. Qe2 Ba6 13. c4 Nc6 14. f4 b5 15. Ngf3
bxc4 16. dxc4 Nd7 17. Rb1 Qa5 18. a3 Rfc8 19. h4 Nf8 20. f5 Rd8 21. h5 gxh5 22.
Ng5 Ne5 23. Qxh5 f6 24. Ne6 Nxe6 25. fxe6 Nxc4 26. Nxc4 Bxc4 27. Bh3 Bxf1 28.
Bf5 Qe1 29. Bxh7+ Kh8 30. Bf5+ Kg8 31. Qf7+ Kh8 32. Qh5+ Kg8 33. Qf7+ 1/2-1/2

[Event "Philadelphia International"]
[Site "Philadelphia, USA"]
[Date "2008.06.28"]
[Round "5"]
[White "Castaneda, Nelson"]
[Black "Cheng, Bindi"]
[Result "0-1"]
[WhiteElo "2314"]
[BlackElo "2294"]
[PlyCount "60"]
[EventDate "2008.??.??"]

1. e4 c5 2. Nf3 d6 3. d4 cxd4 4. Nxd4 Nf6 5. Nc3 a6 6. Bg5 e6 7. f4 Nbd7 8. Qf3
Qc7 9. O-O-O b5 10. e5 Bb7 11. Qh3 dxe5 12. Nxe6 fxe6 13. Qxe6+ Be7 14. Bxf6
gxf6 15. Be2 h5 16. Rhe1 Qc6 17. Qf5 O-O-O 18. Nd5 Qc5 19. Qe6 Bd6 20. Bf3 Rhe8
21. Qf5 Kb8 22. Bxh5 Rf8 23. Nc3 exf4 24. Qe6 Bc7 25. Bf3 Ne5 26. Bxb7 Kxb7 27.
Rxd8 Rxd8 28. Ne4 Nd3+ 29. Kb1 Qb4 30. cxd3 Qxe1+ 0-1

[Event "Philadelphia International"]
[Site "Philadelphia, USA"]
[Date "2008.06.29"]
[Round "6"]
[White "Mulyar, Michael A"]
[Black "Shankland, Samuel"]
[Result "1/2-1/2"]
[WhiteElo "2381"]
[BlackElo "2296"]
[PlyCount "77"]
[EventDate "2008.??.??"]

1. c4 e5 2. g3 g6 3. Bg2 Bg7 4. Nc3 f5 5. d3 Nf6 6. Nf3 d6 7. O-O O-O 8. Rb1
Nc6 9. b4 a6 10. a4 h6 11. b5 axb5 12. axb5 Ne7 13. Qb3 Be6 14. Bb2 b6 15. Ra1
Rc8 16. e4 fxe4 17. dxe4 g5 18. Nd2 Qe8 19. Nd5 Nexd5 20. cxd5 Bd7 21. Rfc1 Qh5
22. f3 Bh3 23. Rf1 Rf7 24. Bxh3 Qxh3 25. Qd3 Rcf8 26. Qe2 h5 27. Nc4 g4 28. f4
exf4 29. Rxf4 Nh7 30. Bxg7 Kxg7 31. Qb2+ Kg6 32. Rxf7 Rxf7 33. e5 Ng5 34. e6
Nf3+ 35. Kh1 Nxh2 36. Qxh2 Rf1+ 37. Rxf1 Qxf1+ 38. Qg1 Qh3+ 39. Qh2 1/2-1/2

[Event "Philadelphia International"]
[Site "Philadelphia, USA"]
[Date "2008.06.29"]
[Round "6"]
[White "Mackinnon, Keith"]
[Black "Galofre, Charles A"]
[Result "0-1"]
[WhiteElo "2029"]
[BlackElo "2318"]
[PlyCount "112"]
[EventDate "2008.??.??"]

1. e4 e5 2. Nf3 Nc6 3. Bb5 Nf6 4. O-O Nxe4 5. d4 Nd6 6. Bxc6 dxc6 7. dxe5 Nf5
8. Qxd8+ Kxd8 9. Bg5+ Ke8 10. Nc3 Be6 11. Ne4 h6 12. Bd2 Rd8 13. Rad1 Be7 14.
Bc3 b6 15. b3 c5 16. Rfe1 a5 17. Rd2 Rxd2 18. Nexd2 Kd7 19. Nf1 a4 20. N1d2 Ra8
21. Rb1 axb3 22. axb3 Ra2 23. Rb2 Ra3 24. Rb1 Bf8 25. Ra1 Rxa1+ 26. Bxa1 Ne7
27. Bb2 Bf5 28. c3 Nc6 29. Nc4 Bc2 30. Nfd2 g5 31. g3 Ke6 32. f4 Bd3 33. Kf2 b5
34. Ne3 Ne7 35. Kf3 Ng6 36. Ng4 gxf4 37. gxf4 h5 38. Nf6 Nxf4 39. Nde4 Ng6 40.
Nxh5 Nxe5+ 41. Kf4 Bh6+ 42. Ng5+ Bxg5+ 43. Kxg5 Nf3+ 44. Kf4 Nxh2 45. Kg3 Nf1+
46. Kf2 Kf5 47. Ng7+ Ke4 48. Ne8 Nh2 49. Kg3 Nf1+ 50. Kf2 Nd2 51. b4 Bc4 52.
Nxc7 Kd3 53. Na6 Kc2 54. Ba3 Nb1 55. bxc5 Nxa3 56. c6 Be6 0-1

[Event "Philadelphia International"]
[Site "Philadelphia, USA"]
[Date "2008.06.29"]
[Round "6"]
[White "Katz, Michael S"]
[Black "Ramaswamy, Aarthie"]
[Result "0-1"]
[WhiteElo "2236"]
[BlackElo "2298"]
[PlyCount "80"]
[EventDate "2008.??.??"]

1. e4 c5 2. Nf3 Nc6 3. d4 cxd4 4. Nxd4 e5 5. Ne2 Nf6 6. Nbc3 Bc5 7. Ng3 d6 8.
Bc4 Ng4 9. Qf3 Bxf2+ 10. Kd1 O-O 11. Nf5 Bxf5 12. exf5 Qh4 13. g3 Bxg3 14. hxg3
Qxh1+ 15. Qxh1 Nf2+ 16. Ke2 Nxh1 17. Kf3 Nd4+ 18. Kg2 Nxg3 19. Kxg3 Nxf5+ 20.
Kf2 Rac8 21. Bd3 Ne7 22. Nb5 d5 23. Nxa7 Ra8 24. Nb5 h6 25. c3 f5 26. Be3 Rac8
27. b4 e4 28. Bf1 g5 29. Bc5 Rxc5 30. bxc5 f4 31. Bh3 h5 32. Be6+ Kg7 33. Rd1
g4 34. Bxd5 g3+ 35. Kg2 Nf5 36. Re1 Ne3+ 37. Rxe3 fxe3 38. Nd4 h4 39. Ne6+ Kh6
40. Nxf8 e2 0-1

[Event "Philadelphia International"]
[Site "Philadelphia, USA"]
[Date "2008.06.29"]
[Round "6"]
[White "Mohanty, Kiran Manisha"]
[Black "Kuenitz, Klaus D"]
[Result "1-0"]
[WhiteElo "2316"]
[BlackElo "1674"]
[PlyCount "61"]
[EventDate "2008.??.??"]

1. e4 e6 2. d4 d5 3. Nc3 dxe4 4. Nxe4 Nd7 5. Nf3 Ngf6 6. Nxf6+ Nxf6 7. c3 c5 8.
Ne5 Qa5 9. Be3 cxd4 10. Bxd4 Be7 11. Bd3 O-O 12. O-O Rd8 13. Qf3 Qd5 14. Qh3 g6
15. Rfe1 Nh5 16. Bc4 Qd6 17. Qf3 Rf8 18. Rad1 Qc7 19. Ng4 Bg5 20. Bb3 Qf4 21.
Qxf4 Bxf4 22. g3 f5 23. Rxe6 Bxe6 24. Bxe6+ Rf7 25. gxf4 fxg4 26. Be5 Re8 27.
Bxf7+ Kxf7 28. Rd7+ Re7 29. Rxe7+ Kxe7 30. Kg2 Nf6 31. Bxf6+ 1-0

[Event "Philadelphia International"]
[Site "Philadelphia, USA"]
[Date "2008.06.29"]
[Round "7"]
[White "Kunte, Abhijit"]
[Black "Karavade, Eesha"]
[Result "1/2-1/2"]
[WhiteElo "2547"]
[BlackElo "2303"]
[PlyCount "59"]
[EventDate "2008.??.??"]

1. c4 Nf6 2. g3 c5 3. Bg2 d5 4. cxd5 Nxd5 5. Nc3 Nxc3 6. bxc3 g6 7. h4 Bg7 8.
Rb1 Nd7 9. h5 Qa5 10. hxg6 hxg6 11. Rxh8+ Bxh8 12. Qb3 e6 13. Nf3 Rb8 14. c4
Qd8 15. Bb2 Bf6 16. d3 a6 17. Nd2 Bxb2 18. Qxb2 Qf6 19. Qc1 Qg5 20. Rb3 Ke7 21.
Qb1 b6 22. Bc6 Qe5 23. Bxd7 Bxd7 24. Nf3 Qd6 25. Qc1 Be8 26. Qg5+ f6 27. Qe3 g5
28. Nd2 Bc6 29. Ne4 Qe5 30. Nc3 1/2-1/2